000
00217nam a22001097a 4500
041
_a
ENG
245
_a
Salution to Chess Magic
260
_a
Delhi
_b
W.R Goyal
_c
1998
300
_a
439
650
_a
GAE
856
_u
GAE
999
_c
3177
_d
3177